Villes hôtes de la Coupe du Monde - Statistiques

Statistiques générales
  • Ce quiz a été pris 55 fois
  • Le résultat moyen est 84 sur 196
Statistiques - réponses
Coupe du Monde Villes % Correct
France 1938 | France 1998 Paris
100%
Italie 1934 | Italie 1990 Rome
98%
France 1998 Lyon
96%
France 1938 Lille
94%
France 1938 | France 1998 Marseille
94%
Italie 1934 | Italie 1990 Turin
94%
France 1938 | France 1998 Bordeaux
91%
Angleterre 1966 Londres
91%
Espagne 1982 Madrid
91%
Italie 1934 | Italie 1990 Milan
91%
France 1998 Nantes
89%
Brésil 1950 | Brésil 2014 Rio de Janeiro
89%
France 1938 Strasbourg
89%
Espagne 1982 Barcelone
87%
Angleterre 1966 Manchester
87%
France 1938 | France 1998 Toulouse
87%
Allemagne 2006 Berlin
85%
Brésil 2014 Brasilia
85%
Angleterre 1966 Liverpool
85%
Mexique 1970 | Mexique 1986 Mexico
85%
Italie 1934 | Italie 1990 Naples
85%
Brésil 1950 | Brésil 2014 São Paulo
85%
Corée du Sud/Japon 2002 Séoul
85%
Uruguay 1930 Montevideo
83%
France 1998 Saint-Etienne
83%
Suède 1958 Stockholm
83%
Espagne 1982 Valence
83%
Russie 2018 Moscou
81%
Allemagne 2006 | Allemagne de l'Ouest 1974 Munich
81%
Espagne 1982 Séville
81%
Suisse 1954 Berne
79%
France 1998 Lens
79%
Suisse 1954 Genève
77%
France 1998 Montpellier
74%
Espagne 1982 Bilbao
72%
Argentine 1978 Buenos Aires
70%
Qatar 2022 Doha
70%
Allemagne 2006 | Allemagne de l'Ouest 1974 Dortmund
70%
Allemagne 2006 | Allemagne de l'Ouest 1974 Hambourg
70%
Russie 2018 Saint-Pétersbourg
70%
Chili 1962 Santiago
70%
Suisse 1954 Zurich
70%
Angleterre 1966 Birmingham
68%
Italie 1934 | Italie 1990 Florence
68%
Afrique du Sud 2010 Le Cap
68%
France 1998 Saint-Denis
68%
Afrique du Sud 2010 Johannesbourg
66%
Etats-Unis 1994 Chicago
64%
Italie 1934 | Italie 1990 Gênes
64%
Italie 1990 Palerme
64%
France 1938 Reims
64%
Allemagne de l'Ouest 1974 Francfort-sur-le-Main
62%
Suisse 1954 Bâle
60%
Mexique 1970 | Mexique 1986 Guadalajara
60%
Suède 1958 Malmö
60%
Etats-Unis 1994 Dallas
57%
Allemagne 2006 Francfort
57%
Afrique du Sud 2010 Pretoria
57%
Allemagne 2006 | Allemagne de l'Ouest 1974 Stuttgart
57%
Espagne 1982 Malaga
55%
Italie 1934 | Italie 1990 Bologne
53%
Allemagne 2006 Cologne
53%
Etats-Unis 1994 Washington
53%
Italie 1990 Bari
51%
Russie 2018 Sotchi
51%
Allemagne de l'Ouest 1974 Düsseldorf
49%
Suisse 1954 Lausanne
49%
Espagne 1982 Saragosse
49%
Brésil 1950 | Brésil 2014 Belo Horizonte
47%
Corée du Sud/Japon 2002 Osaka
47%
Brésil 1950 | Brésil 2014 Recife
47%
Allemagne 2006 Leipzig
45%
Brésil 2014 Manaus
45%
Mexique 1986 Monterrey
45%
Italie 1990 Cagliari
43%
Allemagne 2006 | Allemagne de l'Ouest 1974 Hanovre
43%
France 1938 Le Havre
43%
Suède 1958 Göteborg
40%
Italie 1990 Vérone
40%
Russie 2018 Kazan
38%
Espagne 1982 La Corogne
36%
Corée du Sud/Japon 2002 Yokohama
36%
Corée du Sud/Japon 2002 Busan
34%
Allemagne 2006 | Allemagne de l'Ouest 1974 Gelsenkirchen
34%
Allemagne 2006 Nuremberg
34%
Espagne 1982 Valladolid
34%
Afrique du Sud 2010 Bloemfontein
32%
Afrique du Sud 2010 Durban
32%
Brésil 1950 | Brésil 2014 Porto Alegre
32%
France 1938 Colombes
30%
Corée du Sud/Japon 2002 Kobe
30%
Russie 2018 Nijni Novgorod
30%
Brésil 2014 Fortaleza
28%
Argentine 1978 Rosario
28%
Espagne 1982 Vigo
28%
Espagne 1982 Alicante
26%
Mexique 1970 | Mexique 1986 León
26%
Etats-Unis 1994 Pasadena
26%
Brésil 2014 Salvador
26%
Corée du Sud/Japon 2002 Sapporo
26%
Angleterre 1966 Sheffield
26%
Argentine 1978 Córdoba
23%
Mexique 1970 | Mexique 1986 Puebla
23%
Russie 2018 Rostov-sur-le-Don
21%
Espagne 1982 Gijón
19%
Russie 2018 Iekaterinbourg
19%
Etats-Unis 1994 Orlando
19%
Russie 2018 Volgograd
19%
Brésil 1950 | Brésil 2014 Curitiba
17%
Russie 2018 Kaliningrad
17%
Suisse 1954 Lugano
17%
Angleterre 1966 Sunderland
17%
Italie 1990 Udine
17%
Argentine 1978 Mendoza
15%
Espagne 1982 Oviedo
15%
Italie 1934 Trieste
15%
Corée du Sud/Japon 2002 Daegu
13%
Qatar 2022 Lusail
13%
Russie 2018 Samara
13%
Espagne 1982 Elche
11%
Allemagne 2006 Kaiserslautern
11%
Argentine 1978 Mar del Plata
11%
Suède 1958 Norrköping
11%
Afrique du Sud 2010 Port Elizabeth
11%
Brésil 2014 Cuiabá
9%
Suède 1958 Helsingborg
9%
Brésil 2014 Natal
9%
France 1938 Antibes
6%
Mexique 1970 | Mexique 1986 Toluca
6%
Allemagne de l'Ouest 1974 Berlin-Ouest
4%
Corée du Sud/Japon 2002 Daejeon
4%
Corée du Sud/Japon 2002 Gwangju
4%
Corée du Sud/Japon 2002 Incheon
4%
Suède 1958 Örebro
4%
Afrique du Sud 2010 Polokwane
4%
Corée du Sud/Japon 2002 Ulsan
4%
Suède 1958 Västeras
4%
Qatar 2022 Al-Khor
2%
Qatar 2022 Al Rayyan
2%
Chili 1962 Arica
2%
Etats-Unis 1994 Foxborough
2%
Corée du Sud/Japon 2002 Oita
2%
Russie 2018 Saransk
2%
Corée du Sud/Japon 2002 Seogwipo
2%
Corée du Sud/Japon 2002 Shizuoka
2%
Chili 1962 Viña del Mar
2%
Qatar 2022 Al Wakrah
0%
Suède 1958 Borås
0%
Etats-Unis 1994 East Rutherford
0%
Suède 1958 Eskilstuna
0%
Suède 1958 Halmstad
0%
Corée du Sud/Japon 2002 Ibaraki
0%
Mexique 1986 Irapuato
0%
Corée du Sud/Japon 2002 Jeonju
0%
Angleterre 1966 Middlesbrough
0%
Corée du Sud/Japon 2002 Miyagi
0%
Afrique du Sud 2010 Nelspruit
0%
Mexique 1986 Nezahualcóyotl
0%
Corée du Sud/Japon 2002 Niigata
0%
Etats-Unis 1994 Pontiac
0%
Chili 1962 Rancagua
0%
Afrique du Sud 2010 Rustenburg
0%
Corée du Sud/Japon 2002 Saitama
0%
Suède 1958 Sandviken
0%
Mexique 1986 Santiago de Querétaro
0%
Etats-Unis 1994 Stanford
0%
Corée du Sud/Japon 2002 Suwon
0%
Suède 1958 Uddevalla
0%
Aucun quiz correspondant
Distribution des résultats
% des personnes avec chaque résultat
Percentile par nombre de réponses
Votre historique - résultats
Vous n’avez pas pris ce quiz